Quel siècle... ? - Statistiques

Statistiques générales
  • Ce quiz a été pris 240 fois
  • Le résultat moyen est 11 sur 21
Statistiques - réponses
Hint Réponse % Correct
Droit de vote des femmes en France 20ème siècle
85%
Prise de la bastille 18ème siècle
82%
Christophe Colomb "a découvert" l'Amérique 15ème siècle
80%
Début construction de la tour Eiffel 19ème siècle
76%
Naissance d'Adolf Hitler 19ème siècle
71%
Mort de Jeanne d'Arc 15ème siècle
70%
Application de la constitution des USA 18ème siècle
64%
Premier match de coupe du monde de football masculin 20ème siècle
61%
Construction de la Statue de la Liberté 19ème siècle
60%
Sacrement de Louis XIV 17ème siècle
56%
Invention du premier téléphone 19ème siècle
54%
Michel-Ange a peint le plafond de la chapelle Sixtine 16ème siècle
51%
Première apparition de l’œuvre "L'avare" de Molière 17ème siècle
51%
Mort de Léonard De Vinci 16ème siècle
50%
Première abolition de l'esclavage en France 18ème siècle
46%
Création des départements en France 18ème siècle
40%
Naissance de Jean De la Fontaine 17ème siècle
37%
Création de l'Olympique de Marseille 19ème siècle
37%
Invention du premier "Vélo" 19ème siècle
26%
Parution du premier journal "imprimé" en France. 17ème siècle
24%
Création du "Camembert" 18ème siècle
22%
Aucun quiz correspondant
Distribution des résultats
% des personnes avec chaque résultat
Percentile par nombre de réponses
Votre historique - résultats
Vous n’avez pas pris ce quiz